The science of happiness / (Record no. 56592)
[ view plain ]
| 000 -LEADER | |
|---|---|
| fixed length control field | 00602nam a2200217 a 4500 |
| 001 - CONTROL NUMBER | |
| control field | 56592 |
| 003 - CONTROL NUMBER IDENTIFIER | |
| rucl marc code | BD-RjUL |
| 005 - DATE AND TIME OF LATEST TRANSACTION | |
| control field | 20211209080420.0 |
| 008 - FIXED-LENGTH DATA ELEMENTS--GENERAL INFORMATION | |
| fixed length control field | 161201s1952 enk 000 0 eng d |
| 035 ## - SYSTEM CONTROL NUMBER | |
| System control number | (BD-RjUL)56716 |
| 040 ## - CATALOGING SOURCE | |
| Original cataloging agency | CPD |
| Transcribing agency | CPD |
| Modifying agency | UKM |
| -- | EQO |
| -- | BD-RjUL |
| Language of cataloging | eng |
| 041 ## - LANGUAGE CODE | |
| Language code of text/sound track or separate title | eng |
| 082 ## - DEWEY DECIMAL CLASSIFICATION NUMBER | |
| Classification number | 131 |
| Edition number | 23 |
| Author mark and year | DES 1952 |
| 100 1# - MAIN ENTRY--PERSONAL NAME | |
| Personal name | Dearden, Harold, |
| Dates associated with a name | 1882-1962 |
| 9 (RLIN) | 168331 |
| 245 14 - TITLE STATEMENT | |
| Title | The science of happiness / |
| Statement of responsibility, etc. | Harold Dearden |
| 250 ## - EDITION STATEMENT | |
| Edition statement | Rev. ed |
| 260 ## - PUBLICATION, DISTRIBUTION, ETC. (IMPRINT) | |
| Place of publication, distribution, etc. | London ; |
| -- | New York : |
| Name of publisher, distributor, etc. | Staples Press, |
| Date of publication, distribution, etc. | 1952 |
| 300 ## - PHYSICAL DESCRIPTION | |
| Pagination | 260 p. : |
| Illustrations | ill. ; |
| Size | 21 cm |
| 650 #0 - SUBJECT ADDED ENTRY--TOPICAL TERM | |
| Topical term or geographic name as entry element | Happiness. |
| 9 (RLIN) | 127752 |
| 942 ## - ADDED ENTRY ELEMENTS (KOHA) | |
| Source of classification or shelving scheme | Dewey Decimal Classification |
| Koha item type | Books |
| Lost status | Source of classification or shelving scheme | Damaged status | Not for loan | Collection code | Permanent Location | Current Location | Shelving location | Date acquired | Source of acquisition | Cost, normal purchase price | Total Checkouts | Full call number | Date last seen | Copy number | Koha item type |
|---|---|---|---|---|---|---|---|---|---|---|---|---|---|---|---|
| Dewey Decimal Classification | Not For Loan | Non-fiction | Central Library, University of Rajshahi | Central Library, University of Rajshahi | Reading Room | 24/09/1956 | Modern Book. | 9.00 | 131 DES 1952 | 01/12/2016 | C-1 | Books |